Plant pathology
Saved in:
| Main Author: | |
|---|---|
| Format: | Book |
| Language: | English |
| Published: |
San Diego, USA
Academic Press
1997
|
| Edition: | Cuarta edición |
| Subjects: | |
| Tags: |
Add Tag
No Tags, Be the first to tag this record!
|
MARC
| LEADER | 00000nam a2200000 a 4500 | ||
|---|---|---|---|
| 001 | UCQ7685 | ||
| 003 | CL-VaPUC | ||
| 005 | 20250228100939.0 | ||
| 008 | 981113e19970000US |||||||||||||||||eng|d | ||
| 999 | |c 277147 |d 277145 | ||
| 040 | |c Pontificia Universidad Católica de Valparaíso | ||
| 082 | 0 | 4 | |a 581.2 AGR 1997 |2 21 |
| 100 | 0 | |a Agrios, George N |9 421408 | |
| 245 | 1 | 0 | |a Plant pathology |
| 250 | |a Cuarta edición | ||
| 260 | 0 | 3 | |a San Diego, USA |b Academic Press |c 1997 |
| 300 | |a 635 páginas | ||
| 583 | |a last modification |c 19981113 00:00:00 |k Rodrigo Vera | ||
| 650 | 0 | |a Patología vegetal |9 325426 | |
| 650 | 0 | |a Enfermedades de las plantas |9 259687 | |
| 650 | 0 | |a Fitopatología |9 340456 | |
| 650 | 0 | |a Control biológico |9 338554 | |
| 650 | 0 | |a Agentes nocivos |9 340453 | |
| 650 | 7 | |a BACTERIOSIS |2 CL-VaPUC |9 340454 | |
| 650 | 0 | |a Virosis |9 340455 | |
| 650 | 7 | |a ENFERMEDADES FUNGOSAS |2 CL-VaPUC |9 340452 | |
| 942 | |c BK |2 ddc | ||
| 945 | |d 19981113 00:00:00 |a rbrito | ||
| 952 | |0 0 |1 0 |2 ddc |4 0 |6 581_200000000000000_AGR_1997 |7 0 |8 A |9 314921 |a BIBCUR |b BIBCUR |d 2019-11-20 |i 3482731 |o 581.2 AGR 1997 |p 3482731 |r 2025-04-22 |t 1 |w 2019-11-20 |y BK |k BIO | ||